Five Biggest Cities by Map #1 - Statistics

General Stats
  • This quiz has been taken 1,678 times
  • The average score is 28 of 40
Answer Stats
Region Pop. City % Correct
4 39.50 mil Tokyo
95%
1 14.40 mil London
94%
4 24.40 mil Seoul
93%
1 11.20 mil Paris
91%
6 9.35 mil Bogotá
88%
1 2.00 mil Brussels
87%
4 17.80 mil Osaka
87%
2 9.80 mil Chicago
86%
5 22.10 mil Mexico City
86%
5 6.20 mil Houston
83%
5 6.55 mil Dallas
81%
8 5.20 mil Nairobi
81%
7 2.45 mil Baku
80%
2 5.70 mil Detroit
80%
6 2.55 mil Quito
80%
7 13.70 mil Tehran
80%
3 23.20 mil Mumbai
79%
7 1.23 mil Tbilisi
74%
1 3.13 mil Birmingham
70%
7 1.48 mil Yerevan
70%
5 4.98 mil Guadalajara
69%
6 3.80 mil Medellín
68%
2 3.05 mil Minneapolis
67%
3 10.00 mil Chennai
65%
8 3.03 mil Kampala
65%
1 3.10 mil Rotterdam
64%
8 5.30 mil Dar es Salaam
63%
8 1.72 mil Mogadishu
62%
3 10.50 mil Bengaluru
61%
4 4.28 mil Busan
61%
4 10.40 mil Nagoya
61%
2 1.50 mil Milwaukee
60%
5 4.65 mil Monterrey
56%
6 2.93 mil Cali
55%
3 9.00 mil Hyderabad
55%
8 1.00 mil Kigali
54%
2 3.10 mil Cleveland
53%
6 3.00 mil Guayaquil
45%
3 6.10 mil Pune
38%
7 1.62 mil Tabriz
18%
No matching quizzes found
Score Distribution
Percent of People with Each Score
Percentile by Number Answered
Your Score History
You have not taken this quiz